North Carolina Counties by First Two Letters - Statistics

General Stats
  • This quiz has been taken 48 times
  • The average score is 40 of 100
Answers on the Map
Answers color-coded by a green-red scale on the quiz's map according to % correct below.
 
Answer Stats
Population County % Correct
1,115,482 Mecklenburg
76%
225,804 Cabarrus
74%
80,652 Caldwell
71%
10,355 Camden
71%
67,686 Carteret
71%
22,736 Caswell
71%
160,610 Catawba
71%
26,577 Ashe
61%
76,285 Chatham
61%
28,774 Cherokee
61%
13,708 Chowan
61%
44,652 Beaufort
58%
54,086 Watauga
58%
1,129,410 Wake
55%
18,642 Warren
55%
11,003 Washington
55%
117,333 Wayne
55%
171,415 Alamance
53%
36,444 Alexander
53%
10,888 Alleghany
53%
87,570 Burke
53%
36,915 Dare
53%
168,930 Davidson
53%
42,712 Davie
53%
227,943 Gaston
53%
10,478 Gates
53%
37,014 Macon
50%
21,193 Madison
50%
22,031 Martin
50%
44,578 McDowell
50%
21,552 Hertford
47%
25,751 Montgomery
47%
99,727 Moore
47%
17,471 Northampton
47%
12,276 Pamlico
47%
116,530 Robeson
47%
91,096 Rockingham
47%
146,875 Rowan
47%
17,934 Bertie
45%
8,030 Graham
45%
60,992 Granville
45%
20,451 Greene
45%
225,702 New Hanover
45%
48,622 Halifax
42%
133,568 Harnett
42%
62,089 Haywood
42%
22,055 Anson
39%
11,089 Clay
39%
99,519 Cleveland
39%
48,715 Duplin
39%
324,833 Durham
39%
63,285 Lee
39%
55,122 Lenoir
39%
86,810 Lincoln
39%
40,568 Pasquotank
39%
144,171 Randolph
39%
269,452 Buncombe
37%
50,623 Columbus
37%
334,728 Cumberland
37%
28,100 Currituck
37%
215,999 Johnston
37%
9,172 Jones
37%
100,720 Craven
34%
43,109 Jackson
34%
14,903 Mitchell
34%
541,299 Guilford
32%
59,036 Sampson
32%
62,504 Stanly
32%
44,520 Stokes
32%
19,328 Polk
29%
42,946 Richmond
29%
382,590 Forsyth
26%
68,573 Franklin
26%
116,281 Henderson
26%
94,970 Nash
26%
65,969 Wilkes
26%
78,784 Wilson
26%
17,806 Avery
24%
136,693 Brunswick
24%
60,203 Pender
24%
13,005 Perquimans
24%
39,097 Person
24%
238,267 Union
24%
29,606 Bladen
18%
52,082 Hoke
18%
186,693 Iredell
18%
170,243 Pitt
18%
34,174 Scotland
18%
71,359 Surry
18%
37,214 Yadkin
18%
18,470 Yancey
18%
148,696 Orange
16%
14,117 Swain
16%
48,900 Edgecombe
13%
4,589 Hyde
13%
64,444 Rutherford
13%
42,578 Vance
13%
204,576 Onslow
11%
32,986 Transylvania
11%
3,245 Tyrrell
8%
No matching quizzes found
Score Distribution
Percent of People with Each Score
Percentile by Number Answered
Your Score History
You have not taken this quiz